Droit
Shranjeno v:
| Glavni avtor: | |
|---|---|
| Format: | Knjiga |
| Jezik: | španščina |
| Izdano: |
París
UNESCO
1954
|
| Serija: | L'Enseignement des Sciences Sociales. Les Sciences Sociales dans l'Enseignement Supérieur
|
| Teme: | |
| Oznake: |
Označite
Brez oznak, prvi označite!
|
MARC
| LEADER | 00000nam a2200000 a 4500 | ||
|---|---|---|---|
| 001 | UCU1189 | ||
| 003 | CL-VaPUC | ||
| 008 | 960329e19540000FR |||||||||||||||||spa|d | ||
| 082 | 0 | 4 | |a 320 |b EIS |2 21 |
| 100 | 0 | |a Eisenmann, Charles |e author |9 356805 | |
| 245 | 1 | 0 | |a Droit |
| 300 | |a 141 p | ||
| 942 | |c BK | ||
| 945 | |d 19960329 00:00:00 |a paguirre | ||
| 260 | |a París |b UNESCO |c 1954 | ||
| 650 | 7 | |a DERECHO |2 CL-VaPUC |9 356806 | |
| 650 | 0 | |a Ciencias sociales |9 256351 | |
| 650 | 0 | |a Administración de justicia |9 382749 | |
| 583 | |a last modification |c 20170829 01:22:13 |k Rodrigo Vera | ||
| 490 | 0 | |a L'Enseignement des Sciences Sociales. Les Sciences Sociales dans l'Enseignement Supérieur | |
| 999 | |c 245898 |d 245896 | ||
| 952 | |0 0 |1 0 |4 0 |6 320_000000000000000_EIS_1954 |7 0 |8 P |9 260526 |a BIBEDU |b BIBEDU |c BIBEDU_PB |d 2019-11-19 |i 2015412 |o 320 EIS 1954 |p 2015412 |r 2024-01-25 |w 2019-11-19 |y BK |k EDU | ||